000 005010000a22001930004500
001 003822
003 MACL
005 20150801122603.0
008 150801b xxu||||| |||| 00| 0 eng d
040 _aMACL
_cMACL
041 _aEnglish
082 _a355.2/KAL
100 _aKary, Mary
_93991
245 _aNew & Old Wars
_bOrganied violencce In a Global era
_cMary Kary
260 _aNew Delhi
_c2005
_bNatraj Publishers,
350 _a350
650 _aMilitary Science
_93992
942 _k355
_cBK
_2ddc
999 _c15715
_d15715